[Event "Izmailov Memorial op 17th"]
[Site "Tomsk"]
[Date "2013.06.17"]
[Round "7"]
[White "Aleksandrov, Zakhar"]
[Black "Traskovetskaja, D."]
[Result "1-0"]
[WhiteElo "2129"]
[BlackElo "2021"]
[PlyCount "67"]
[EventDate "2013.06.11"]
[EventType "swiss"]
[EventRounds "9"]
[EventCountry "RUS"]
[SourceTitle "EXT 2014"]
[Source "ChessBase"]
[SourceDate "2013.11.20"]
[SourceVersion "1"]
[SourceVersionDate "2013.11.20"]
[SourceQuality "1"]

1. d4 Nf6 2. c4 g6 3. Nc3 Bg7 4. e4 d6 5. Bg5 Nbd7 6. f4 0-0 7. Nf3 c6 8. Bd3 Ng4 9. Qd2 f6 10. Bh4 Qc7 11. h3 Nh6 12. 0-0 e5 13. Bg3 Nf7 14. Kh1 a6 15. a4 b6 16. a5 exd4 17. Nxd4 Re8 18. axb6 Qxb6 19. Bf2 Qc7 20. b4 Bb7 21. Nb3 Rad8 22. c5 Nb8 23. Qc1 d5 24. exd5 cxd5 25. b5 Qc8 26. c6 Ba8 27. Na4 Bxc6 28. bxc6 Nxc6 29. Nb6 Qe6 30. Nc5 Qe7 31. Nxa6 Nb4 32. Nxb4 Qxb4 33. Bc5 Qb3 34. Ra3 1-0

[Event "Izmailov Memorial op 17th"]
[Site "Tomsk"]
[Date "2013.06.13"]
[Round "3"]
[White "Tugarin, Anton"]
[Black "Traskovetskaja, D."]
[Result "1-0"]
[WhiteElo "2178"]
[BlackElo "2021"]
[PlyCount "41"]
[EventDate "2013.06.11"]
[EventType "swiss"]
[EventRounds "9"]
[EventCountry "RUS"]
[SourceTitle "CBM 154 Extra"]
[Source "ChessBase"]
[SourceDate "2013.06.25"]
[SourceVersion "2"]
[SourceVersionDate "2013.06.25"]
[SourceQuality "1"]

1. d4 Nf6 2. Bg5 d6 3. Nc3 g6 4. e4 Bg7 5. Qd2 c6 6. Bh6 Bxh6 7. Qxh6 b5 8. e5 b4 9. exf6 bxc3 10. bxc3 exf6 11. Bd3 Qa5 12. Ne2 Qg5 13. Qg7 Rf8 14. Kf1 Qh4 15. Re1 Be6 16. c4 d5 17. cxd5 cxd5 18. g3 Qg4 19. Nf4 Nd7 20. Bb5 Rc8 21. Nxe6 1-0

[Event "Izmailov Memorial op 16th"]
[Site "Tomsk"]
[Date "2012.08.13"]
[Round "8"]
[White "Egorov, Alexander"]
[Black "Traskovetskaja, D."]
[Result "1/2-1/2"]
[WhiteElo "1973"]
[BlackElo "2024"]
[PlyCount "104"]
[EventDate "2012.08.06"]
[EventType "swiss"]
[EventRounds "9"]
[EventCountry "RUS"]
[SourceTitle "CBM 149 Extra"]
[Source "ChessBase"]
[SourceDate "2012.08.24"]
[SourceVersion "1"]
[SourceVersionDate "2012.08.24"]
[SourceQuality "1"]

1. e4 e5 2. Nf3 Nc6 3. Nc3 d6 4. d4 Bg4 5. Bb5 exd4 6. Qxd4 Bd7 7. Bxc6 Bxc6 8. Bg5 Qd7 9. 0-0-0 f6 10. Be3 b6 11. Nd5 Ne7 12. Rhe1 Bb7 13. Rd3 c5 14. Qc3 Nxd5 15. exd5 Be7 16. Bf4 0-0 17. Re6 Rfe8 18. Qe1 Bf8 19. c4 Rxe6 20. dxe6 Qa4 21. b3 Qxa2 22. e7 Qa1+ 23. Kc2 Qa2+ 24. Kc3 Qa5+ 25. Kb2 Qxe1 26. exf8Q+ Kxf8 27. Nxe1 Re8 28. Bxd6+ Kf7 29. Re3 Rxe3 30. fxe3 a6 31. g3 Ke6 32. Bb8 b5 33. cxb5 axb5 34. Kc3 Kf5 35. Ba7 c4 36. bxc4 bxc4 37. Kxc4 Kg4 38. Nd3 Kh3 39. Nf4+ Kxh2 40. Nh5 Bf3 41. Nxg7 Kxg3 42. Kd4 h5 43. Nf5+ Kg4 44. e4 h4 45. Bb8 Bh1 46. Ke3 h3 47. Nh6+ Kh5 48. Ng8 Kg6 49. Bh2 Kf7 50. Nh6+ Ke6 51. Kf4 Bg2 52. Ng4 Bxe4 1/2-1/2

[Event "Izmailov Memorial op 16th"]
[Site "Tomsk"]
[Date "2012.08.07"]
[Round "2"]
[White "Elsukov, Vladimir"]
[Black "Traskovetskaja, D."]
[Result "0-1"]
[WhiteElo "1812"]
[BlackElo "2024"]
[PlyCount "116"]
[EventDate "2012.08.06"]
[EventType "swiss"]
[EventRounds "9"]
[EventCountry "RUS"]
[SourceTitle "CBM 149 Extra"]
[Source "ChessBase"]
[SourceDate "2012.08.24"]
[SourceVersion "1"]
[SourceVersionDate "2012.08.24"]
[SourceQuality "1"]

1. Nf3 Nf6 2. c4 e6 3. g3 Be7 4. Bg2 c6 5. Nc3 d5 6. cxd5 exd5 7. d4 h6 8. Qc2 Be6 9. 0-0 Qc8 10. Re1 Bf5 11. Qd1 0-0 12. Ne5 Bb4 13. Bd2 Bxc3 14. Bxc3 Nbd7 15. Nd3 Re8 16. b3 Ne4 17. Bb2 Ndf6 18. f3 Ng5 19. Nf2 Nh3+ 20. Nxh3 Bxh3 21. e3 Bf5 22. Qd2 Qd7 23. Rad1 Re7 24. Ba3 Re6 25. g4 Bh7 26. Qf2 Rae8 27. Rc1 Qc7 28. Rc5 Nd7 29. Rc3 Nf6 30. Bh3 g5 31. Bf1 Nd7 32. Bd3 Bxd3 33. Rxd3 Qa5 34. b4 Qb5 35. Rb3 Nb6 36. Bc1 Nc4 37. Qc2 a6 38. Kf2 Kg7 39. Qb1 Qb6 40. a3 Qc7 41. Kg1 Qd7 42. Rc3 Qd8 43. Qc2 h5 44. h3 hxg4 45. hxg4 Rh6 46. Re2 Reh8 47. Rg2 Qf6 48. Kf2 Rh3 49. f4 gxf4 50. Qf5 fxe3+ 51. Bxe3 Qxf5+ 52. gxf5+ Kf6 53. Rg3 Kxf5 54. Bc1 Rh2+ 55. Rg2 Rxg2+ 56. Kxg2 Ke4 57. Bg5 Rg8 58. Rg3 f6 0-1